Normal view
MARC view
- RISK MANAGEMENT FOR ISLAMIC BANKING AND FINANCE.FINANCIAL RISK MANAGEMENT FOR ISLAMIC BANKING AND FINANCE
Entry Topical Term
001 - CONTROL NUMBER
- control field: 64440
003 - CONTROL NUMBER IDENTIFIER
- control field: NUST
005 - DATE AND TIME OF LATEST TRANSACTION
- control field: 20210628203255.0
008 - FIXED-LENGTH DATA ELEMENTS
- fixed length control field: 210628|| aca||aabn | a|a d
040 ## - CATALOGING SOURCE
- Original cataloging agency: NUST
- Transcribing agency: NUST
150 ## - HEADING--TOPICAL TERM
- Topical term or geographic name entry element: RISK MANAGEMENT FOR ISLAMIC BANKING AND FINANCE.FINANCIAL RISK MANAGEMENT FOR ISLAMIC BANKING AND FINANCE
670 ## - SOURCE DATA FOUND
- Source citation: Work cat.: (NUST): Akkizidis, Ioannis, Khandelwal, Sunil Kumar 64439, Financial risk management for islamic banking and finance, 2008
